000
00336nam a2200145Ia 4500
008
191201s2001 xx 000 0 und d
082
_a
540
_b
AGE
100
_a
AGGARWAL, O P
245
0
_a
Engineering Chemistry
250
_a
3rd
260
_a
N.Delhi
_b
Khanna Publisher
_c
2001
300
_a
1030
650
_a
Applied
942
_2
ddc
_c
BK
999
_c
1649
_d
1649